Hydraulics in water and waste-water treatment technology

This book consists of the following many parts such as: mechanical treatment and chemical treatment, biological treatment.

Salvato in:
Dettagli Bibliografici
Natura: Libro
Lingua:Undetermined
Pubblicazione: New York John Wiley &Sons 1994
Soggetti:
Tags: Aggiungi Tag
Nessun Tag, puoi essere il primo ad aggiungerne! !
Thư viện lưu trữ: Trung tâm Học liệu Trường Đại học Cần Thơ
LEADER 00624nam a2200181Ia 4500
001 CTU_141561
008 210402s9999 xx 000 0 und d
082 |a 628.162 
082 |b H993 
245 0 |a Hydraulics in water and waste-water treatment technology 
245 0 |c Imre Horváth C. 
260 |a New York 
260 |b John Wiley &Sons 
260 |c 1994 
520 |a This book consists of the following many parts such as: mechanical treatment and chemical treatment, biological treatment. 
650 |a Waste-water technology 
904 |i Bạch Trúc 
980 |a Trung tâm Học liệu Trường Đại học Cần Thơ